Statistics for Kiss support acts

Click here to take the quiz!

General Stats

  • This quiz has been taken 4 times
  • The average score is 2 of 20

Answer Stats

Answer% Correct
AC/DC
50%
Iron Maiden
50%
Bon Jovi
25%
Motley Crue
25%
Ted Nugent
25%
Accept
0%
Anthrax
0%
Bob Seger
0%
Cheap Trick
0%
Golden Earring
0%
J. Geils Band
0%
John Mellencamp
0%
Judas Priest
0%
Queensryche
0%
Rammstein
0%
Rush
0%
Styx
0%
Tom Petty
0%
Vandenberg
0%
WASP
0%

Score Distribution

Percentile by Number Answered

Percent of People with Each Score

Your Score History

You have not taken this quiz